Hedge Funds : (Record no. 11625)
[ view plain ]
| 000 -LEADER | |
|---|---|
| fixed length control field | 01458cam a22003374a 4500 |
| 001 - CONTROL NUMBER | |
| control field | 13874879 |
| 005 - DATE AND TIME OF LATEST TRANSACTION | |
| control field | 20161221113637.0 |
| 008 - FIXED-LENGTH DATA ELEMENTS--GENERAL INFORMATION | |
| fixed length control field | 050216s2005 njua b 001 0 eng |
| 010 ## - LIBRARY OF CONGRESS CONTROL NUMBER | |
| LC control number | 2005004695 |
| 020 ## - INTERNATIONAL STANDARD BOOK NUMBER | |
| International Standard Book Number | 0471737437 (cloth) |
| 020 ## - INTERNATIONAL STANDARD BOOK NUMBER | |
| International Standard Book Number | 9780471737438 |
| 040 ## - CATALOGING SOURCE | |
| Original cataloging agency | DLC |
| Transcribing agency | DLC |
| Modifying agency | DLC |
| 042 ## - AUTHENTICATION CODE | |
| Authentication code | pcc |
| 050 00 - LIBRARY OF CONGRESS CALL NUMBER | |
| Classification number | HG4530 |
| Item number | .H3882 2005 |
| 082 00 - DEWEY DECIMAL CLASSIFICATION NUMBER | |
| Classification number | 332.64524 |
| Edition number | 22 |
| Item number | HED |
| 245 00 - TITLE STATEMENT | |
| Title | Hedge Funds : |
| Remainder of title | Insights in Performance Measurement, Risk Analysis, and Portfolio Allocation / |
| Statement of responsibility, etc | [Edited by]Greg N. Gregoriou ... [et al.]. |
| 260 ## - PUBLICATION, DISTRIBUTION, ETC. (IMPRINT) | |
| Place of publication, distribution, etc | Hoboken, N.J. : |
| Name of publisher, distributor, etc | John Wiley & Sons, Inc., |
| Date of publication, distribution, etc | c2005. |
| 300 ## - PHYSICAL DESCRIPTION | |
| Extent | xxx, 653 p. : |
| Other physical details | ill. ; |
| Dimensions | 24 cm. |
| 504 ## - BIBLIOGRAPHY, ETC. NOTE | |
| Bibliography, etc | Includes bibliographical references (p. 614-635) and indexes. |
| 650 #0 - SUBJECT ADDED ENTRY--TOPICAL TERM | |
| Topical term or geographic name as entry element | Risk management. |
| 9 (RLIN) | 5182 |
| 650 #0 - SUBJECT ADDED ENTRY--TOPICAL TERM | |
| 9 (RLIN) | 5181 |
| Topical term or geographic name as entry element | Hedge funds |
| 700 1# - ADDED ENTRY--PERSONAL NAME | |
| Personal name | Gregoriou, Greg N., |
| Dates associated with a name | 1956- |
| 9 (RLIN) | 5183 |
| 700 1# - ADDED ENTRY--PERSONAL NAME | |
| Personal name | Papageorgiou, Nicolas |
| 9 (RLIN) | 5184 |
| 700 1# - ADDED ENTRY--PERSONAL NAME | |
| Personal name | Rouah, Fabrice |
| Dates associated with a name | 1956- |
| 9 (RLIN) | 5185 |
| 700 1# - ADDED ENTRY--PERSONAL NAME | |
| Personal name | Hubner,Georges |
| Dates associated with a name | 1956- |
| 9 (RLIN) | 5186 |
| 856 41 - ELECTRONIC LOCATION AND ACCESS | |
| Materials specified | Table of contents only |
| Uniform Resource Identifier | <a href="http://www.loc.gov/catdir/toc/ecip058/2005004695.html">http://www.loc.gov/catdir/toc/ecip058/2005004695.html</a> |
| 856 42 - ELECTRONIC LOCATION AND ACCESS | |
| Materials specified | Contributor biographical information |
| Uniform Resource Identifier | <a href="http://www.loc.gov/catdir/enhancements/fy0621/2005004695-b.html">http://www.loc.gov/catdir/enhancements/fy0621/2005004695-b.html</a> |
| 856 42 - ELECTRONIC LOCATION AND ACCESS | |
| Materials specified | Publisher description |
| Uniform Resource Identifier | <a href="http://www.loc.gov/catdir/enhancements/fy0621/2005004695-d.html">http://www.loc.gov/catdir/enhancements/fy0621/2005004695-d.html</a> |
| 942 ## - ADDED ENTRY ELEMENTS (KOHA) | |
| Source of classification or shelving scheme | Dewey Decimal Classification |
| Item type | Book - Borrowing |
| Withdrawn status | Item status | Source of classification or shelving scheme | Damaged status | Not for loan | Vendor | Home library | Current library | Shelving location | Date acquired | Source of acquisition | Cost, normal purchase price | Serial Enumeration / chronology | Total Checkouts | Full call number | Barcode | Date last seen | Koha item type |
|---|---|---|---|---|---|---|---|---|---|---|---|---|---|---|---|---|---|
| Dewey Decimal Classification | Academic Bookshop | Central Library | Central Library | First floor | 25/05/2009 | 540.00 | 367 | 332.64524 HED | 000016222 | 15/07/2025 | Book - Borrowing |